Singapore Logos - Statistics

General Stats
  • This quiz has been taken 399 times
  • The average score is 8 of 10
Answer Stats
Picture Answer % Correct
Housing & Development Board
94%
People's Action Party
88%
SMRT Corporation
88%
POSB Bank
86%
Singapore Airlines
83%
Old Chang Kee
80%
StarHub
80%
National University of Singapore
74%
TraceTogether
71%
PayNow
29%
No matching quizzes found
Score Distribution
Percent of People with Each Score
Percentile by Number Answered
Your Score History
You have not taken this quiz